Truck drivers
| Main Author: | |
|---|---|
| Format: | Book |
| Published: |
Minnesota :
Bridgestone Books ,
2001
|
| Series: | Community helpers
|
| Subjects: |
MARC
| LEADER | 00000cam a2200000 7i4500 | ||
|---|---|---|---|
| 001 | 0000071663 | ||
| 005 | 20040219.0 | ||
| 020 | |a 0736806253 | ||
| 090 | 0 | 0 | |a 331.702 |b GIB |
| 100 | 1 | |a Gibson, Karen Bush | |
| 245 | 1 | 0 | |a Truck drivers |c Karen Bush Gibson |
| 260 | |a Minnesota : |b Bridgestone Books , |c 2001 | ||
| 300 | |a 24p. : |b ill. ; |c 21cm. | ||
| 490 | 0 | |a Community helpers | |
| 650 | 0 | 0 | |a Truck drivers |x Juvenile literature |
| 999 | |a 00162623 |b BUKU |c JUNIOR BOOKS |e PERPUSTAKAAN KOMUNITI PETALING JAYA | ||